Essentials of college algebra / (Record no. 6548)
[ view plain ]
| 000 -LEADER | |
|---|---|
| fixed length control field | 00671cam a22002054a 4500 |
| 020 ## - ISBN | |
| International Standard Book Number | 9780321664990 (student edition : alk. paper) |
| 020 ## - ISBN | |
| International Standard Book Number | 032166499X (student edition : alk. paper) |
| 020 ## - ISBN | |
| International Standard Book Number | 0321664272 (annotated instructor's edition : alk. paper) |
| 050 00 - LIBRARY OF CONGRESS CALL NUMBER | |
| Classification Number | QA154.3 |
| Item Number | .L54 2011 |
| 100 1# - MAIN ENTRY--Author | |
| Personal name | Lial, Margaret L. |
| 245 10 - TITLE | |
| Title | Essentials of college algebra / |
| Statement of responsibility, etc | Margaret L. Lial, John Hornsby, David I. Schneider. |
| 250 ## - EDITIONSTATEMENT | |
| Edition statement | 10th ed. |
| 260 ## - PUBLICATION, DISTRIBUTION, ETC.(IMPRINT) | |
| Place of publication, distribution, etc | Boston : |
| Name of publisher, distributor, etc | Addison Wesley, |
| Date of publication, distribution, etc | c2011. |
| 300 ## - PHYSICAL DESCRIPTION | |
| Extent | xvi, 604 p. : |
| 500 ## - GENERALNOTE | |
| General note | Includes index. |
| 650 #0 - SUBJECT--TOPIC | |
| Form subdivision | Textbooks. |
| 700 1# - ADDED ENTRY--PERSONAL AUTHOR | |
| Personal Name | Hornsby, John, |
| 700 1# - ADDED ENTRY--PERSONAL AUTHOR | |
| Personal Name | Schneider, David I. |
| 942 ## - ADDED ENTRY ELEMENTS(KOHA) | |
| Source of classification or shelving scheme | Library of Congress Classification |
| Koha item type | General circulation |
| Source of classification or shelving scheme | Not for loan | Location (home branch) | Sublocation (holding branch) | Shelving location | Date accessioned | Full call number | Barcode | Nonpublic note | Koha item type |
|---|---|---|---|---|---|---|---|---|---|
| Library of Congress Classification | Main Campus Library | Main Campus Library | 21/07/2015 | QA154.3 .L54 2011 | 2015/012985 | jm | General circulation |